Sports Quiz

Random Sports Quiz

Teams beaten by Maidstone Quiz Stats

 Plays Quiz not verified by Sporcle

Support Sporcle.
Go Orange.
Score 0/14 Timer 04:00
0 Plays Today
Team Nickname Team % Correct
The HamletDulwich Hamlet
100%
The DartsDartford
100%
The Beach BoysConcord Rangers
80%
The Clarets CityChelmsford City
80%
The SaintsSt Albans City
80%
RicayBillericay Town
80%
The HawksHavant & Waterlooville
80%
Team Nickname Team % Correct
The IronBraintree Town
80%
The CanariesHitchin Town
60%
The GullsTorquay United
60%
LangoKings Langley
40%
CrusadersHungerford Town
20%
The AmbersCheshunt
20%
The HoopsOxford City
20%

You're not logged in!

Compare scores with friends on all Sporcle quizzes.
OR
Log In

From the Vault

'Girl' Song Titles

by JoeBeta

Someday, when these songs are old enough, they can hang out with "Pretty Woman" and "Lady in Red."
Remove Ads.
Support Sporcle.
Get the best of Sporcle when you Go Orange. This ad-free experience offers more features, more stats, and more fun while also helping to support Sporcle. Thank you for becoming a member.

Show Comments

Extras

Created Feb 21, 2020ReportNominate
Tags:beaten, nickname, season, team, United

Top Quizzes Today


Score Distribution

Your Account Isn't Verified!

In order to create a playlist on Sporcle, you need to verify the email address you used during registration. Go to your Sporcle Settings to finish the process.

Report this User

Report this user for behavior that violates our Community Guidelines.

Details: